00429nam a2200169Ia 4500003000400000005001700004008004100021040001800062041000800080082002100088100001900109245005100128250001200179260003800191300002400229440000600253OSt20250123100910.0210716s1972 xx 000 0 und d cAIMIT LIBRARY aeng a808.83 21bROSH aRosner, Hilda. aSiddhartha:bhermann hesse /cBy Hilda Rosner. a1st ed. aNew York :bBantam books ;c1972. a152p. ;bPBc17 cm. v6